MARC

LEADER 00000nas a22000007a 4500
001 ssj0008257
003 WaSeSS
005 20200512172242.0
006 m d
007 cr n
008 940901c19939999caumr pss 0 a0eng c
010 |a sn 94004250  
022 |a 1078-3148  |y 1059-1028 
035 |a (WaSeSS)ssj0008257 
037 |b Wired, POB 191826, San Francisco, CA 94119-9866 
037 |a C4950D72-6550-425A-84A1-0161EFD84EC7  |b OverDrive, Inc.  |n http://www.overdrive.com 
040 |a NSD  |b eng  |c NSD  |d HUL  |d OCL  |d NSD  |d MUQ  |d OCLCQ  |d OCLCS  |d OCLCQ  |d OCLCS  |d BUF  |d VRC  |d OCLCQ  |d OCLCO  |d OCLCF  |d TEF  |d OCLCO  |d VT2  |d TEF  |d OCLCQ  |d WaSeSS 
042 |a nsdp  |a pcc 
050 1 4 |a TK5105.5  |b .W57 
082 1 0 |a 306  |2 12 
130 0 |a Wired (San Francisco, Calif. : Online) 
210 0 |a Wired  |b (Online version) 
222 0 |a Wired  |b (Online version) 
245 1 0 |a Wired  |h [electronic resource]. 
246 1 3 |a Wired online 
260 |a San Francisco, CA :  |b Wired Ventures,  |c ©1993- 
310 |a Monthly,  |b <2.08-> 
321 |a Bimonthly,  |b 1993- 
362 0 |a 1.1- 
500 |a Title from title screen. 
506 |a License restrictions may limit access. 
580 |a Also issued in print. 
588 |a Latest issue consulted: 2.08, published 1994. 
650 0 |a Computer networks  |v Periodicals. 
650 0 |a Computers and civilization  |v Periodicals. 
650 0 |a Telecommunication  |x Social aspects  |v Periodicals. 
650 0 |a Internet  |x Social aspects  |v Periodicals. 
650 6 |a Réseaux d'ordinateurs  |v Périodiques. 
650 6 |a Ordinateurs et civilisation  |v Périodiques. 
650 6 |a Télécommunications  |x Aspect social  |v Périodiques. 
650 6 |a Internet  |x Aspect social  |v Périodiques. 
650 7 |a Computer networks.  |2 fast  |0 (OCoLC)fst00872297 
650 7 |a Computers and civilization.  |2 fast  |0 (OCoLC)fst00872888 
650 7 |a Internet  |x Social aspects.  |2 fast  |0 (OCoLC)fst01766793 
650 7 |a Telecommunication  |x Social aspects.  |2 fast  |0 (OCoLC)fst01145931 
655 0 |a Electronic journals. 
776 1 |t Wired (San Francisco, Calif.)  |x 1059-1028  |w (DLC) 94659076  |w (OCoLC)24479723 
856 4 0 |z Full text available from Research Library: 11/01/2008 to present  |u https://search.proquest.com/publication/30196